000
00275nam a22001337a 4500
008
170502b xxu||||| |||| 00| 0 eng d
020
_a
100247
041
_a
eng
080
_a
34
100
_a
15
101
_a
SHJ
245
_a
LIBERTY LAW
_c
WIECEK.W.M
942
_2
udc
_c
BK
999
_c
12353
_d
12353